Rainiest Cities in the world - Statistics

General Stats
  • This quiz has been taken 31 times
  • The average score is 7 of 15
Answer Stats
Population Country (mm) In Answer % Correct
5,974,022 USA (FL) 1687 66.4 Miami
93%
7,563,118* China (Autonomous) 2412 95 Hong Kong
81%
384,830 Norway 2430 95.7 Bergen
74%
336,392 USA (AL) 1762 69.4 Mobile
70%
260,509 Bahamas 1526 60.1 Nassau
67%
6,673,297 Cote d'Ivoire 1856 73.1 Abidjan
63%
1,439,900 Sierra Leone 4389 172.8 Freetown
59%
168,404 Montenegro 1818 71.6 Podgorica
59%
203,616 Fiji 3038 119.6 Suva
59%
2,019,266 Nigeria 2304 90.7 Port Harcourt
30%
180,147* Georgia 2540 100 Batumi
22%
687,014 South Korea 1584 62.3 Jeju
19%
178,561 Papua New Guinea 4793 188.7 Lae
15%
108,289* Malaysia 3274 128.9 Labuan
0%
126,438 Colombia 8754 344.7 Quibdo
0%
No matching quizzes found
Score Distribution
Percent of People with Each Score
Percentile by Number Answered
Your Score History
You have not taken this quiz